Advances in wrought magnesium alloys : fundamentals of processing, properties and applications /

This important book summarises the wealth of recent research on our understanding of process-property relationships in wrought magnesium alloys and the way this understanding can be used to develop a new generation of alloys for high-performance applications. After an introductory overview of curren...

Full description

Bibliographic Details
Corporate Author: ScienceDirect (Online service)
Other Authors: Bettles, Colleen (Editor), Barnett, Matthew (Editor)
Format: eBook
Language:English
Language Notes:English.
Published: Philadelphia, Pa. : Woodhead Pub., 2012.
Series:Woodhead Publishing series in metals and surface engineering.
Subjects:
Online Access:Connect to the full text of this electronic book

MARC

Tag First Indicator Second Indicator Subfields
LEADER 00000cam a2200000 i 4500
001 in00005752521
005 20260326194923.7
006 m o d
007 cr mn|||||||||
008 120126t20122012paua ob 001 0 eng d
010 |z  2012931834 
040 |a E7B  |b eng  |e rda  |e pn  |c E7B  |d OCLCO  |d IDEBK  |d N$T  |d OPELS  |d OCLCF  |d EBLCP  |d DEBSZ  |d OCLCQ  |d Z5A  |d OCLCQ  |d U3W  |d D6H  |d WYU  |d UHL  |d OCLCQ  |d AUD  |d S2H  |d OCLCO  |d OSU  |d TUHNV  |d OCLCO  |d OCLCQ  |d OCLCO  |d OCLCQ  |d OCLCL  |d SXB  |d OCLCQ  |d OCLCL  |d OCLCQ 
019 |a 867318173  |a 988795473  |a 1113471471  |a 1113517224  |a 1142768281  |a 1243579893  |a 1252728617  |a 1311351257 
020 |a 9780857093844  |q (electronic bk.) 
020 |a 0857093843  |q (electronic bk.) 
020 |a 9781306189514  |q (MyiLibrary) 
020 |a 1306189519  |q (MyiLibrary) 
020 |z 9781845699680  |q (hardback) 
020 |z 1845699688  |q (hardback) 
035 |a (OCoLC)847549395  |z (OCoLC)867318173  |z (OCoLC)988795473  |z (OCoLC)1113471471  |z (OCoLC)1113517224  |z (OCoLC)1142768281  |z (OCoLC)1243579893  |z (OCoLC)1252728617  |z (OCoLC)1311351257 
037 |a 550202  |b MIL 
050 4 |a TN693.M3  |b A38 2012eb 
072 7 |a TEC  |x 023000  |2 bisacsh 
082 0 4 |a 669.95723 
049 |a TXAM 
245 0 0 |a Advances in wrought magnesium alloys :  |b fundamentals of processing, properties and applications /  |c edited by Colleen Bettles and Matthew Barnett. 
264 1 |a Philadelphia, Pa. :  |b Woodhead Pub.,  |c 2012. 
264 4 |c ©2012 
300 |a 1 online resource (xiv, 463 pages) :  |b illustrations. 
336 |a text  |b txt  |2 rdacontent 
337 |a computer  |b c  |2 rdamedia 
338 |a online resource  |b cr  |2 rdacarrier 
490 1 |a Woodhead Publishing Series in Metals and Surface Engineering 
520 |a This important book summarises the wealth of recent research on our understanding of process-property relationships in wrought magnesium alloys and the way this understanding can be used to develop a new generation of alloys for high-performance applications. After an introductory overview of current developments in wrought magnesium alloys, part one reviews fundamental aspects of deformation behaviour. These chapters are the building blocks for the optimisation of processing steps covered in part two, which discusses casting, extrusion, rolling and forging technologies. The concluding chapters cover applications of wrought magnesium alloys in automotive and biomedical engineering. With its distinguished editors, and drawing on the work of leading experts in the field, Advances in wrought magnesium alloys is a standard reference for those researching, manufacturing and using these alloys. Summarises recent research on our understanding of process-property relationships in wrought magnesium alloysDiscusses the way this understanding can be used to develop a new generation of alloys for high-performance applicationsReviews casting, extrusion, rolling and forging technologies, fundamental aspects of deformation behaviour, and applications of wrought magnesium alloys in automotive and biomedical engineering. 
504 |a Includes bibliographical references and index. 
505 0 |a Current developments in wrought magnesium alloys / M.O. Pekguleryuz -- Deformation mechanisms of magnesium alloys / S.R. Agnew -- Twinning and its role in wrought magnesium alloys / M.R. Barnett -- Superplasticity in magnesium alloys by severe plastic deformation / R. Lapovok and Y. Estrin -- Dynamic recrystallization in magnesium alloys / R. Kaibyshev -- Direct chill casting of magnesium extrusion billet and rolling slab / J.F. Grandfield -- Twin roll casting of magnesium / E. Essadiqi, I.-H. Jung and M.A. Wells -- Enhancing the extrudability of wrought magnesium alloys / A.G. Beer -- Hydrostatic extrusion of magnesium alloys / W.H. Sillekens and J. Bohlen -- Rolling of magnesium alloys / J. Bohlen, G. Kurz, D. Letzig -- Forging technology for magnesium alloys / B.-A. Behrens, I. Pfeiffer and J. Knigge -- Applications of magnesium alloys in automotive engineering / A.A. Luo and A.K. Sachdev -- Biomedical applications of magnesium alloys / W.H. Sillekens and D. Bormann 
546 |a English. 
588 |a Description based on print version record 
650 0 |a Magnesium. 
650 0 |a Magnesium alloys. 
650 0 |a Magnesium  |x Metallurgy. 
650 2 |a Magnesium 
650 6 |a Magnésium. 
650 6 |a Magnésium  |x Alliages. 
650 7 |a magnesium.  |2 aat 
650 7 |a TECHNOLOGY & ENGINEERING  |x Metallurgy.  |2 bisacsh 
650 7 |a Magnesium  |2 fast 
650 7 |a Magnesium alloys  |2 fast 
650 7 |a Magnesium  |x Metallurgy  |2 fast 
655 7 |a Electronic books.  |2 local 
700 1 |a Bettles, Colleen,  |e editor. 
700 1 |a Barnett, Matthew,  |e editor. 
710 2 |a ScienceDirect (Online service) 
758 |i has work:  |a Advances in wrought magnesium alloys (Text)  |1 https://id.oclc.org/worldcat/entity/E39PD34tYwCC6vf7Qhm893TkcP  |4 https://id.oclc.org/worldcat/ontology/hasWork 
776 0 8 |i Print version:  |t Advances in wrought magnesium alloys.  |d Oxford, UK : Woodhead Publishing, 2012  |z 9781845699680  |w (DLC) 2012931834  |w (OCoLC)796743925 
830 0 |a Woodhead Publishing series in metals and surface engineering. 
856 4 0 |u http://proxy.library.tamu.edu/login?url=https://www.sciencedirect.com/science/book/9781845699680  |z Connect to the full text of this electronic book  |t 0 
955 |a Elsevier ScienceDirect 2026-2027 
994 |a 92  |b TXA 
999 f f |i 1f08d18e-8b78-4b44-963c-3b4e5c99d1ba  |s d11f3ba6-e6f4-4658-bfc7-e29d2d8b8b03  |t 0 
952 f f |a Texas A&M University  |b College Station  |c Electronic Resources  |s www_evans  |d Available Online  |t 0  |e TN693.M3 A38 2012eb  |h Library of Congress classification 
998 f f |a TN693.M3 A38 2012eb  |t 0  |l Available Online